Movies Quiz

Random Movies or Pixar Quiz

Voice Actor Match Quiz Stats

Quiz Updated May 25, 2013

Also try: Pixar Voices
Challenge
Share
Tweet
Embed
Score 0/32 Timer 06:00
0 Plays Today
% Correct
Shrek
88.3%
Finding Nemo
85.8%
Kung Fu Panda
83.1%
Puss in Boots
81.6%
Corpse Bride
80.6%
Toy Story 2
80.6%
Ice Age: The Meltdown
75.3%
Bee Movie
72.1%
Mulan
70%
Bolt
69%
Madagascar
66.4%
Cars
64.6%
Fantastic Mr. Fox
64%
Megamind
63.7%
The Simpsons Movie
62.2%
Tangled
61.7%
% Correct
The Lion King
56.6%
The Emperor's New Groove
55.8%
The Incredibles
55.3%
Happy Feet
49.3%
Antz
48.9%
Monsters vs. Aliens
46.8%
How To Train Your Dragon
46.4%
Pocahontas
46.3%
Beauty and the Beast
46.1%
The Rescuers
44.6%
Rio
44.3%
The Hunchback of Notre Dame
42.5%
Who Framed Roger Rabbit
42.4%
A Bug's Life
38.7%
Flushed Away
38%
The Prince of Egypt
35.5%

You're not logged in!

Compare scores with friends on all Sporcle quizzes.
Sign Up with Email
OR
Log In

You Might Also Like...

Show Comments

Extras

Top Quizzes Today


Score Distribution

Your Account Isn't Verified!

In order to create a playlist on Sporcle, you need to verify the email address you used during registration. Go to your Sporcle Settings to finish the process.